000
00253nam a22001097a 4500
005
20251014100145.0
008
251014b |||||||| |||| 00| 0 eng d
040
_c
PK-LaNCA
082
_a
720.922
_b
KRU
245
_a
Krueck Sexton : architects
942
_c
BK
999
_c
67022
_d
67022